Zmena účtovného obdobia

Oznámenie o zmene účtovného obdobia a kto nemôže požiadať o túto zmenu. Zákon o účtovníctve č. 431/2002 Z. Z. v znení neskorších predpisov. Definovanie účtovného obdobia, hospodársky a kalendárny rok.

Saved in:
Bibliographic Details
Main Author: Kubaščíková, Zuzana, 1982-
Format: Book Chapter
Language:Slovak
Subjects:
Tags: Add Tag
No Tags, Be the first to tag this record!

MARC

LEADER 00000naa a2200000 4500
001 0172082
005 20240502072942.0
041 0 |a slo 
044 |a SK 
245 1 0 |a Zmena účtovného obdobia  |c Zuzana Kubaščíková 
520 |a Oznámenie o zmene účtovného obdobia a kto nemôže požiadať o túto zmenu. Zákon o účtovníctve č. 431/2002 Z. Z. v znení neskorších predpisov. Definovanie účtovného obdobia, hospodársky a kalendárny rok. 
610 2 0 |a jednotka účtovná 
610 2 0 |a dokumentácia účtovná 
610 2 0 |a operácie účtovné 
610 2 0 |a obdobie účtovné 
610 2 0 |a účtovníctvo 
610 2 0 |a zákony 
100 1 |a Kubaščíková, Zuzana, 1982-